Welsh Football League Nicknames 2025/2026 - Statistics

General Stats
  • This quiz has been taken 15 times
  • The average score is 19 of 42
Answer Stats
Division Club Nickname % Correct
Cymru Premier Penybont The Bont
80%
Cymru South Baglan Dragons The Dragons
80%
Cymru South Pontypridd United The Dragons
80%
Cymru Premier Llanelli Town The Reds
80%
Cymru North Denbigh Town The Reds
80%
Cymru Premier Haverfordwest County The Bluebirds
70%
Cymru North Caersws The Bluebirds
70%
Cymru South Trethomas Bluebirds The Bluebirds
70%
Cymru Premier The New Saints The Saints
70%
Cymru South Cwmbran Celtic The Yellows
70%
Cymru Premier Cardiff Metropolitan University The Archers
60%
Cymru South Cardiff Draconians The Dracs
60%
Cymru Premier Briton Ferry Llansawel The Ferry
60%
Cymru Premier Connah's Quay Nomads The Nomads
60%
Cymru Premier Bala Town The Lakesiders
50%
Cymru Premier Colwyn Bay The Seagulls
50%
Cymru Premier Flint Town United The Silkmen
50%
Cymru South Treowen Stars The Stars
50%
Cymru North Ruthin Town The Town
50%
Cymru South Cambrian United Cam Army
40%
Cymru North Mold Alexandra The Alex
40%
Cymru North Buckley Town The Bucks
40%
Cymru South Ynyshir Albions The Buns
40%
Cymru Premier Caernarfon Town The Canaries
40%
Cymru North Guilsfield The Guils
40%
Cymru North Llandudno The Seasiders
40%
Cymru South Aberystwyth Town The Seasiders
40%
Cymru South Trefelin Boys & Girls Club The Tref
40%
Cymru North Airbus UK Broughton The Wingmakers
40%
Cymru South Caerau The Young Guns
40%
Cymru North Holyhead Hotspur The Hotspurs
30%
Cymru South Newport City The Steelmen
30%
Cymru North Hollywell Town The Wellmen
30%
Cymru North Brickfield Rangers Bricky
20%
Cymru North Flint Mountain Mountain
20%
Cymru North Gresford Athletic The Colliers
20%
Cymru Premier Barry Town United The Linnets
20%
Cymru North Newtown The Robins
20%
Cymru North Penrhyncoch The Roosters
20%
Cymru South Llantwit Major The Windmill Army
20%
Cymru North Rhyl 1879 The Lilywhites
10%
Cymru South Carmarthen Town Hen Aur Old Gold
0%
No matching quizzes found
Score Distribution
Percent of People with Each Score
Percentile by Number Answered
Your Score History
You have not taken this quiz